| 000 -LEADER |
| fixed length control field |
01272 a2200253 4500 |
| 003 - CONTROL NUMBER IDENTIFIER |
| control field |
Nust |
| 005 - DATE AND TIME OF LATEST TRANSACTION |
| control field |
20221118105446.0 |
| 010 ## - LIBRARY OF CONGRESS CONTROL NUMBER |
| LC control number |
91013055 |
| 020 ## - INTERNATIONAL STANDARD BOOK NUMBER |
| International Standard Book Number |
0521498473 |
| 040 ## - CATALOGING SOURCE |
| Transcribing agency |
Nust |
| 082 00 - DEWEY DECIMAL CLASSIFICATION NUMBER |
| Classification number |
621.381,HAY |
| 100 1# - MAIN ENTRY--PERSONAL NAME |
| Personal name |
Hayes, Thomas C. |
| 9 (RLIN) |
103027 |
| 245 10 - TITLE STATEMENT |
| Title |
Student manual for the art of electronics / |
| Statement of responsibility, etc. |
Thomas C. Hayes & Paul Horowitz. |
| 260 ## - PUBLICATION, DISTRIBUTION, ETC. |
| Place of publication, distribution, etc. |
Cambridge [England] ; |
| -- |
New York, NY, USA : |
| Name of publisher, distributor, etc. |
Cambridge University Press, |
| Date of publication, distribution, etc. |
c1989 |
| 300 ## - PHYSICAL DESCRIPTION |
| Extent |
ix, 614 p. : |
| Other physical details |
ill. ; |
| Dimensions |
26 cm. |
| 505 ## - FORMATTED CONTENTS NOTE |
| Formatted contents note |
Foundations (Page-1), Transistor (Page-82), Field Effect Transistors (Page-142), Feedback Operational Amplifiers (Page-163), Active Filters and Oscillators (Page-207), Field Effect Transistors (Page-244), Voltage Regulators and Power Circuits (Page-267), Digital Electronics (Page-281), Digital Meets Analog (Page-406), Microcomputers (Page-431). |
| 650 #0 - SUBJECT ADDED ENTRY--TOPICAL TERM |
| Topical term or geographic name entry element |
Electronic circuit design |
| General subdivision |
Laboratory manuals. |
| 9 (RLIN) |
103028 |
| 650 #0 - SUBJECT ADDED ENTRY--TOPICAL TERM |
| Topical term or geographic name entry element |
Electronics |
| General subdivision |
Laboratory manuals. |
| 9 (RLIN) |
41521 |
| 700 1# - ADDED ENTRY--PERSONAL NAME |
| Personal name |
Horowitz, Paul, |
| Dates associated with a name |
1942- |
| 9 (RLIN) |
83309 |
| 700 1# - ADDED ENTRY--PERSONAL NAME |
| Personal name |
Horowitz, Paul, |
| Dates associated with a name |
1942- |
| 9 (RLIN) |
83309 |
| 856 42 - ELECTRONIC LOCATION AND ACCESS |
| Materials specified |
Publisher description |
| Uniform Resource Identifier |
<a href="http://www.loc.gov/catdir/description/cam024/91013055.html">http://www.loc.gov/catdir/description/cam024/91013055.html</a> |
| 856 42 - ELECTRONIC LOCATION AND ACCESS |
| Materials specified |
Table of contents |
| Uniform Resource Identifier |
<a href="http://www.loc.gov/catdir/toc/cam028/91013055.html">http://www.loc.gov/catdir/toc/cam028/91013055.html</a> |
| 942 ## - ADDED ENTRY ELEMENTS (KOHA) |
| Source of classification or shelving scheme |
|
| Koha item type |
Book |